| LEADER | 00786nam a2200181 4500 | ||
|---|---|---|---|
| 082 | |a 914.4 |b D500 l | ||
| 100 | |a Anh Côi | ||
| 245 | |a Du lịch vòng quanh thế giới |c Anh Côi biên dịch |b Nước Pháp | ||
| 260 | |a H. |b Thanh niên |c 2003 | ||
| 300 | |a 143r. |c 19cm | ||
| 520 | |a v.v... | ||
| 653 | |a Địa lý | ||
| 653 | |a Du lich | ||
| 653 | |a Pháp | ||
| 942 | |2 ddc |c STK0 | ||
| 999 | |c 5893 |d 5893 | ||
| 952 | |0 0 |1 0 |2 ddc |4 0 |6 914_400000000000000_D_500_L |7 0 |8 900 |9 54173 |a qbu |b qbu |c D5 |d 2014-12-30 |g 16000 |o 914.4 D 500 l |p 4408.C1 |r 0000-00-00 |w 2014-12-30 |y STK0 |0 0 |6 914_400000000000000_D_500_L | ||
| 952 | |0 0 |1 0 |2 ddc |4 0 |6 914_400000000000000_D_500_L |7 0 |8 900 |9 54174 |a qbu |b qbu |c D5 |d 2014-12-30 |g 16000 |l 1 |o 914.4 D 500 l |p 4408.C2 |r 2018-05-22 |s 2018-05-18 |w 2014-12-30 |y STK0 |0 0 |6 914_400000000000000_D_500_L | ||